| 000 | 00814nam a22002657a 4500 | ||
|---|---|---|---|
| 005 | 20260222223444.0 | ||
| 008 | 260222b |||||||| |||| 00| 0 spa d | ||
| 040 |
_aCO-BoESAP _bspa _cCO-BoESAP |
||
| 100 | 1 |
_aRoa Suárez, Hernando, _d1939- _9119 _eautor |
|
| 245 | 1 | 0 |
_aPensemos en América Latina / _cHernando Roa Suárez. |
| 300 | _apáginas 297-310 | ||
| 504 | _aBibliografía : página 310. | ||
| 526 | _a104436 | ||
| 526 | _a1697 | ||
| 526 | _a19790 | ||
| 526 | _a51868 | ||
| 526 | _a102619 | ||
| 526 | _a5144 | ||
| 650 | 1 | 7 |
_aPaz _97384 _2LEMB _zAmérica Latina |
| 650 | 2 | 7 |
_aMilitarismo _93793 _2LEMB _zAmérica Latina |
| 651 | 7 |
_aCuba _2LEMB _9222064 _xPolítica y gobierno |
|
| 651 | 7 |
_aChile _2LEMB _9220493 _xPolítica y gobierno |
|
| 773 | _tTemas políticos contemporáneos | ||
| 942 |
_2cl _cCHAP |
||
| 999 |
_c175248 _d175248 |
||